Facteurs Influençant les itinéraires thérapeutiques chez les patients suivis en psychiatrie au CNHU de Bangui (notice n° 1843672)

détails MARC
000 -LEADER
fixed length control field 03283cam a2200397 4500500
005 - DATE AND TIME OF LATEST TRANSACTION
control field 20260329005449.0
041 ## - LANGUAGE CODE
Language code of text/sound track or separate title fre
042 ## - AUTHENTICATION CODE
Authentication code dc
100 10 - MAIN ENTRY--PERSONAL NAME
Personal name Tabo, André
Relator term author
245 00 - TITLE STATEMENT
Title Facteurs Influençant les itinéraires thérapeutiques chez les patients suivis en psychiatrie au CNHU de Bangui
260 ## - PUBLICATION, DISTRIBUTION, ETC.
Date of publication, distribution, etc. 2016.<br/>
500 ## - GENERAL NOTE
General note 52
520 ## - SUMMARY, ETC.
Summary, etc. les itinéraires thérapeutiques étaient influencés par les performances du système de santé et les représentations socioculturelles de la maladie. Une étude transversale et descriptive a analysé les itinéraires des patients suivis en psychiatrie à Bangui. Pendant 6 mois, les itinéraires de 479 patients des 2 sexes ont été analysés. Les groupes religieux étaient le 1er recours. La famille était le 1er décideur. Les buts recherchés étaient la guérison et le soulagement. Les raisons de ces choix étaient les croyances, l’accessibilité/la disponibilité du modèle choisi. 27 patients avaient déclaré ignorer l’existence du service de psychiatrie. Les affections chroniques amenaient les patients à des itinéraires multiples. Ceux ayant souffert de pathologies aigues avaient préféré l’itinéraire unique. La gravité de l’affection en cause, le rôle joué par l’entourage et le sens donné à la maladie étaient les autres facteurs d’influence retrouvés. Il y a lieu de les connaître pour une meilleure qualité des soins de santé mentale en Afrique.
520 ## - SUMMARY, ETC.
Summary, etc. Summary : the rherapeutic pathways were influenced by health System performance and socio-cultural representations of illness. A transversal and descriptive study analyzed the pathways of patients followed in psychiatry in Bangui. For 6 months, the pathways of 479 patients in the 2 sexes were analyzed. Religlous groups were the first resort. The family was the first maker. The objectives were healing and relief. The reasons for these choices were the beliefs. accessibility / availability of the chosen model. 27 patients had reported unaware of Psychiatry. Chronic conditions lead patients to multiple routes. Those who suffered from acute diseases had preferred the single route. The severity of the disease in question, the rôle of the entourage and the meaning given to the disease were other influences found. It is necessary to know them for better quality of mental health care in Africa.
690 ## - LOCAL SUBJECT ADDED ENTRY--TOPICAL TERM (OCLC, RLIN)
Topical term or geographic name as entry element Culture
690 ## - LOCAL SUBJECT ADDED ENTRY--TOPICAL TERM (OCLC, RLIN)
Topical term or geographic name as entry element Itinéraires thérapeutiques
690 ## - LOCAL SUBJECT ADDED ENTRY--TOPICAL TERM (OCLC, RLIN)
Topical term or geographic name as entry element Psychiatrie
690 ## - LOCAL SUBJECT ADDED ENTRY--TOPICAL TERM (OCLC, RLIN)
Topical term or geographic name as entry element Soins
690 ## - LOCAL SUBJECT ADDED ENTRY--TOPICAL TERM (OCLC, RLIN)
Topical term or geographic name as entry element Care
690 ## - LOCAL SUBJECT ADDED ENTRY--TOPICAL TERM (OCLC, RLIN)
Topical term or geographic name as entry element Culture
690 ## - LOCAL SUBJECT ADDED ENTRY--TOPICAL TERM (OCLC, RLIN)
Topical term or geographic name as entry element Psychiatry
690 ## - LOCAL SUBJECT ADDED ENTRY--TOPICAL TERM (OCLC, RLIN)
Topical term or geographic name as entry element Therapeutic pathways
700 10 - ADDED ENTRY--PERSONAL NAME
Personal name Djidonou, Anselme
Relator term author
700 10 - ADDED ENTRY--PERSONAL NAME
Personal name Gansou, Grégoire Magloire
Relator term author
700 10 - ADDED ENTRY--PERSONAL NAME
Personal name Mouanga, Alain Maxime
Relator term author
700 10 - ADDED ENTRY--PERSONAL NAME
Personal name Gomossa, Sylvain
Relator term author
700 10 - ADDED ENTRY--PERSONAL NAME
Personal name Koutou, Nathalie Agnès
Relator term author
700 10 - ADDED ENTRY--PERSONAL NAME
Personal name Touadera, François
Relator term author
700 10 - ADDED ENTRY--PERSONAL NAME
Personal name Dassa, Kolou Simliwa
Relator term author
700 10 - ADDED ENTRY--PERSONAL NAME
Personal name Tognidé, Mathieu C.
Relator term author
700 10 - ADDED ENTRY--PERSONAL NAME
Personal name Ahyi, René Gualbert
Relator term author
700 10 - ADDED ENTRY--PERSONAL NAME
Personal name Salilou, Saliou
Relator term author
700 10 - ADDED ENTRY--PERSONAL NAME
Personal name Caleb Kette, Grégoire
Relator term author
786 0# - DATA SOURCE ENTRY
Note Psy Cause | 73 | 3 | 2016-01-25 | p. 46-50 | 1245-2394
856 41 - ELECTRONIC LOCATION AND ACCESS
Uniform Resource Identifier <a href="https://shs.cairn.info/revue-psy-cause-2016-3-page-46?lang=fr&redirect-ssocas=7080">https://shs.cairn.info/revue-psy-cause-2016-3-page-46?lang=fr&redirect-ssocas=7080</a>

Pas d'exemplaire disponible.

PLUDOC

PLUDOC est la plateforme unique et centralisée de gestion des bibliothèques physiques et numériques de Guinée administré par le CEDUST. Elle est la plus grande base de données de ressources documentaires pour les Étudiants, Enseignants chercheurs et Chercheurs de Guinée.

Adresse

627 919 101/664 919 101

25 boulevard du commerce
Kaloum, Conakry, Guinée

Réseaux sociaux

Powered by Netsen Group @ 2025